000 01554nab a2200217 i 4500
001 768714001
003 CO-MdFUSB
005 20230613104004.0
008 230427s2011 us a|||| |||| 00| 0 eng d
022 _a1669-8649
040 _bspa
_aCO-MdFUSB
_cCO-MdFUSB
_dCO-MdFUSB
041 _aeng
100 _aPadilla DeBorst, Ruth,
_eautor
245 _aFrom Lausanne III to CLADE V
_c/ Ruth Padilla DeBorst
300 _aVolumen 6, número 1 (2011), páginas 7 - 13
_c; 20 cm
520 _aCon su característica precisión y maestría del lenguaje, Ruth nos guía a ver las fortalezas y deficiencias de la conferencia de Lausana III, sostenida en Cape Town, Sudáfrica en octubre de 2011. Como una de las conferencistas claves, Ruth obtuvo una visión interna de este congreso evangélico que urgió a los participantes a considerar a “Toda la iglesia llevando todo el evangelio a todo el mundo.” Aunque el tema de Lausana sugiere que el evangelio holístico fue claramente proclamado y entendido, Ruth señala áreas que aún requieren crecimiento. Ella incorpora estas áreas a las metas y la visión de una Fraternidad Teológica Latinoamericana madura y del próximo CLADE V (Congreso Latinoamericano de Evangelización), que se llevará a cabo en Costa Rica en 2012.
546 _aTexto en Inglés
650 0 _9362
_aEvangelización
_vCongreso
773 0 _049416
_981277
_dSantiago de Chile
_oR1725
_tJournal of Latin American Theology :
_w(CO-MdFUSB)118
_x1669-8949
_gVolumen 6, número 1 (2011), páginas 7 - 13
_qpágina 7
942 _cANA
999 _c68789
_d68789